| 000 | 01465cam a2200409Ia 4500 | ||
|---|---|---|---|
| 001 | ocn740008093 | ||
| 003 | TZ-ArACH | ||
| 005 | 20111206151919.0 | ||
| 008 | 081008s2009 enk b 001 0 eng d | ||
| 015 |
_aGBA930101 _2bnb |
||
| 016 | 7 |
_a014937132 _2Uk |
|
| 020 | _a9780230205246 (pbk.) | ||
| 020 | _a0230205240 (pbk.) | ||
| 035 | _a(OCoLC)740008093 | ||
| 035 | _a(CU)UCb176376641 | ||
| 040 |
_aBTCTA _cTZ-ArACH |
||
| 049 | _aTZAA | ||
| 050 | 4 |
_aPN2049 _b.R35 |
|
| 082 | 0 | 4 |
_a792 _222 |
| 100 | 1 |
_aRae, Paul. _93840 |
|
| 245 | 1 | 0 |
_aTheatre & human rights / _cPaul Rae. |
| 246 | 3 | _aTheatre and human rights | |
| 246 | 3 | _aTheater & human rights | |
| 260 |
_aBasingstoke ; _aNew York : _bPalgrave Macmillan, _c2009. |
||
| 300 |
_axii, 89 p. ; _c18 cm. |
||
| 490 | 1 | _aTheatre& | |
| 504 | _aIncludes bibliographical references (p. 78-86) and index. | ||
| 650 | 0 |
_aTheater _xPolitical aspects. _93841 |
|
| 650 | 0 |
_aThéâtre _xAspect social. _93842 |
|
| 650 | 0 |
_aHuman rights. _93843 |
|
| 650 | 0 |
_aDroits de l'homme. _93844 |
|
| 830 | 0 |
_aTheatre&. _93845 |
|
| 942 |
_2lcc _cBOOK |
||
| 999 |
_c1482 _d1482 |
||